Every Alexander Rossi Indycar Teammate - Statistics

General Stats
  • This quiz has been taken 14 times
  • The average score is 12 of 23
Answer Stats
# of Races Nationality Driver % Correct
33 Mexico Pato O'Ward
100%
26 Denmark Christian Rasmussen
89%
17 Sweden Felix Rosenqvist
89%
83 USA Marco Andretti
89%
17 Japan Takuma Sato
89%
17 France Romain Grosjean
78%
47 USA Colton Herta
67%
2 USA Ed Carpenter
67%
22 Canada James Hinchcliffe
67%
97 USA Ryan Hunter-Reay
67%
17 Colombia Carlos Munoz
56%
17 Canada Devlin DeFrancesco
56%
1 Brazil Tony Kanaan
44%
2 USA Conor Daly
33%
1 Spain Fernando Alonso
33%
9 USA Nolan Siegel
33%
5 France Theo Pourchaire
33%
2 UK Callum Ilott
22%
1 USA Kyle Larson
22%
1 UK Stefan Wilson
22%
1 USA Townsend Bell
22%
45 USA Zach Veach
22%
1 UK Jack Harvey
11%
No matching quizzes found
Score Distribution
Percent of People with Each Score
Percentile by Number Answered
Your Score History
You have not taken this quiz